01635naa a22003137a 4500001001000000003000900010005001700019007000300036008003400039040005400073041000900127072001400136090001800150100001900168111021300187245008300400260004200483500025300525650001100778650001300789650001600802650002300818650001200841773025000853909003601103942001401139999001901153952014901172BR9403434BR-BrBNA20240918181213.0ta230509b bl.||||| |||| 00| 0 por d aBR-BrBNAbporcBiblioteca Nacional de Agricultura a(Pt) aP06b8961 aP06 BR94034341 aBertelli, I.G.1 a2. Congresso Nacional da Sociedade de Tecnicos Acucareiros do Brasil1. Simposio Latino-Americano sobre Modalidades de Financiamento a Producao de Energia RenovavelcRio de Janeiro, RJ (Brazil)d16-21 Aug 19811 aPROALCOOL, a melhor solucao as dificuldades energeticas e economicas nacionais3 aRio de Janeiro, RJ (Brasil): c1981.  aAnais do 2. Congresso Nacional da Sociedade de Tecnicos Acucareiros do Brasil e do 1. Simposio Latino-Americano sobre Modalidades de Financiamento a Producao de Energia Renovavel Rio de Janeiro, RJ (Brasil): 1981. v. 1 p. 352-384 (BR9403434-AM)P06  aAlcool aPetroleo aCombustivel aRecurso Energetico aConsumo0 tAnais do 2. Congresso Nacional da Sociedade de Tecnicos Acucareiros do Brasil e do 1. Simposio Latino-Americano sobre Modalidades de Financiamento a Producao de Energia RenovavelwP06 BR9403434gRio de Janeiro, RJ (Brasil), 1981. v. 1 p. 352-384 a202404bLuciac55dLucia Elande cAM2AGRIS c324080d324080 002AGRIS40708Acervo Gerala41918b41918cAgrobasel0o0230 BR9403416r2024-05-20t01yAM10d2024-04-11ePortaria Interministerial nÂș 164/94